Standard handbook of consulting engineering practice : (Record no. 61110)

000 -LEADER
fixed length control field 01475cam a2200325 a 4500
001 - CONTROL NUMBER
control field 1632675
003 - CONTROL NUMBER IDENTIFIER
control field NUST-PNEC
005 - DATE AND TIME OF LATEST TRANSACTION
control field 20170116180715.0
008 - FIXED-LENGTH DATA ELEMENTS--GENERAL INFORMATION
fixed length control field 960122s1996 nyua bf 001 0 eng
010 ## - LIBRARY OF CONGRESS CONTROL NUMBER
LC control number 96000184
020 ## - INTERNATIONAL STANDARD BOOK NUMBER
International Standard Book Number 0070287821
040 ## - CATALOGING SOURCE
Original cataloging agency DLC
Transcribing agency PNEC
Modifying agency DLC
050 00 - LIBRARY OF CONGRESS CALL NUMBER
Classification number TA216
Item number .H53 1996
082 00 - DEWEY DECIMAL CLASSIFICATION NUMBER
Classification number 620 HIC
100 1# - MAIN ENTRY--PERSONAL NAME
Personal name Hicks, Tyler Gregory,
Dates associated with a name 1921-
245 10 - TITLE STATEMENT
Title Standard handbook of consulting engineering practice :
Remainder of title starting, staffing, expanding, and prospering in your own consulting business /
Statement of responsibility, etc. Tyler G. Hicks, Jerome F. Mueller.
250 ## - EDITION STATEMENT
Edition statement 2nd ed.
260 ## - PUBLICATION, DISTRIBUTION, ETC.
Place of publication, distribution, etc. New York :
Name of publisher, distributor, etc. McGraw-Hill,
Date of publication, distribution, etc. c1996.
300 ## - PHYSICAL DESCRIPTION
Extent 1 v. (various pagings) :
Other physical details ill. ;
Dimensions 24 cm.
500 ## - GENERAL NOTE
General note http://www.amazon.com/Standard-Handbook-Consulting-Engineering-Practice/dp/0070287821/ref=sr_1_1?s=books&ie=UTF8&qid=1413451195&sr=1-1&keywords=0070287821
504 ## - BIBLIOGRAPHY, ETC. NOTE
Bibliography, etc. note Includes bibliographical references and index.
650 #0 - SUBJECT ADDED ENTRY--TOPICAL TERM
Topical term or geographic name entry element Consulting engineers
General subdivision EE
-- Handbooks, manuals, etc.
650 #0 - SUBJECT ADDED ENTRY--TOPICAL TERM
Topical term or geographic name entry element Engineering firms
General subdivision Management
-- Handbooks, manuals, etc.
700 1# - ADDED ENTRY--PERSONAL NAME
Personal name Mueller, Jerome F.
856 42 - ELECTRONIC LOCATION AND ACCESS
Materials specified Publisher description
Uniform Resource Identifier <a href="http://www.loc.gov/catdir/description/mh022/96000184.html">http://www.loc.gov/catdir/description/mh022/96000184.html</a>
856 41 - ELECTRONIC LOCATION AND ACCESS
Materials specified Table of contents
Uniform Resource Identifier <a href="http://www.loc.gov/catdir/toc/mh022/96000184.html">http://www.loc.gov/catdir/toc/mh022/96000184.html</a>
906 ## - LOCAL DATA ELEMENT F, LDF (RLIN)
a 7
b cbc
c orignew
d 1
e ocip
f 19
g y-gencatlg
942 ## - ADDED ENTRY ELEMENTS (KOHA)
Source of classification or shelving scheme
Koha item type Book
Holdings
Withdrawn status Lost status Source of classification or shelving scheme Damaged status Not for loan Permanent Location Current Location Shelving location Date acquired Source of acquisition Cost, normal purchase price Total Checkouts Full call number Barcode Date last seen Cost, replacement price Price effective from Koha item type
          Pakistan Navy Engineering College (PNEC) Pakistan Navy Engineering College (PNEC) Reference 03/19/2002 Fair Book Center 5450.00   620 HIC PNECLIB-025517 10/16/2014 5450.00 03/19/2002 Book
© 2023 Central Library, National University of Sciences and Technology. All Rights Reserved.